000 00613nam a2200241Ia 4500
001 6015
005 20240113233859.0
007 ta
008 050624s1963 g b000 u eng u
040 _aCotton College Assam
041 _aeng
082 _a820.9
_bJ 122 En
100 _aJack, Ian .
245 0 _aEnglish Literature 1815-1832 /
_cIan Jack.
_hTextual Documents
250 _a1st ed /
260 _aOxford :
_bClarendon Press ,
_c1963.
300 _axii, 643p. ;
_c22cm.
504 _aIndex
653 _aEnglish-Literature
942 _2ddc
_cBK
999 _c6002
_d6002